00310 a2200133 450000100060000002000180000604000220002410000210004624000370006724500320010430000080013636200090014465000230015362929 a9788584390465 cAnchieta - Pituba aJefferies, Dinah10aO perfume da folha de chálpor10aO perfume da folha de chá a4300 a2017 4aFicção inglesa